U.S. States by Emojis - Statistics

General Stats
  • This quiz has been taken 89 times
  • The average score is 13 of 50
Answer Stats
Hint Answer % Correct
πŸ—½ New York
98%
πŸ‘ Georgia
80%
🎰 Nevada
70%
🎬 California
67%
πŸ”” Pennsylvania
59%
🀠 Texas
56%
🌈 Hawaii
53%
πŸ»β€β„οΈ Alaska
50%
⚜️ Louisiana
50%
🏁 Indiana
48%
πŸ§€ Wisconsin
47%
🍊 Florida
44%
πŸ₯” Idaho
41%
🦞 Maine
41%
🌻 Kansas
36%
πŸ‡πŸ» Kentucky
36%
🏜 Arizona
30%
πŸš™ Michigan
27%
🌽 Nebraska
27%
🎿 Colorado
26%
πŸ¦€ Maryland
26%
🦬 North Dakota
26%
1️⃣ Delaware
23%
🌲 Washington
23%
πŸ€ Massachusetts
21%
πŸ‚ Vermont
21%
πŸ• Illinois
18%
❄️ Minnesota
18%
πŸŒͺ Oklahoma
14%
🚜 Iowa
12%
🐝 Utah
12%
🌴 South Carolina
11%
πŸͺ• Tennessee
11%
⛏ West Virginia
11%
πŸ₯œ Alabama
8%
🦐 Mississippi
6%
🏈 Ohio
6%
🦫 Oregon
6%
πŸ— Arkansas
5%
πŸ“œ Connecticut
5%
🌊 Rhode Island
5%
🌞 New Mexico
3%
✈️ North Carolina
3%
🏞 Wyoming
3%
🍻 Missouri
2%
🌳 New Hampshire
2%
🌌 Montana
0%
πŸ‘™ New Jersey
0%
πŸŒ„ South Dakota
0%
🚬 Virginia
0%
No matching quizzes found
Score Distribution
Percent of People with Each Score
Percentile by Number Answered
Your Score History
You have not taken this quiz